South American Footballers Map Quiz - Statistics

General Stats
  • This quiz has been taken 25 times
  • The average score is 9 of 12
Answers on the Map
Answers color-coded by a green-red scale on the quiz's map according to % correct below.
 
Answer Stats
Answer % Correct
Alexis Mac Allister
96%
Federico Valverde
91%
Savinho
87%
Moisés Caicedo
83%
Isaiah Jones
78%
Claudio Bravo
70%
Sheraldo Becker
70%
Carlos Lampe
65%
Salomón Rondón
65%
Daniel Muñoz
61%
Miguel Almirón
61%
Raúl Ruidíaz
52%
No matching quizzes found
Score Distribution
Percent of People with Each Score
Percentile by Number Answered
Your Score History
You have not taken this quiz